AFL Coleman Medalist - Statistics

General Stats
  • This quiz has been taken 46 times
  • The average score is 20 of 25
Answer Stats
Hint Answer % Correct
2024 - 69 - GWS Jesse Hogan
97%
2023 - 78 - Carlton Charlie Curnow
94%
2022 - 64 - Carlton Charlie Curnow
94%
2019 - 67 - GWS Jeremy Cameron
94%
2017 - 69 - Sydney Lance Franklin
91%
2014 - 67 - Sydney Lance Franklin
91%
2011 - 71 - Hawthorn Lance Franklin
91%
2008 - 102 - Hawthorn Lance Franklin
91%
2021 - 58 - Carlton Harry Mckay
89%
2016 - 80 - West Coast Josh Kennedy
89%
2015 - 75 - West Coast Josh Kennedy
89%
2020 - 42 - Geelong Tom Hawkins
89%
2018 - 65 - Richmond Jack Riewoldt
86%
2012 - 65 - Richmond Jack Riewoldt
86%
2010 - 78 - Richmond Jack Riewoldt
86%
2009 - 86 - Carlton Brenden Fevola
77%
2006 - 84 - Carlton Brendan Fevola
71%
2013 - 68 - Hawthorn Jarryd Roughead
71%
2007 - 77 - Brisbane Jonathan Brown
63%
2003 - 87 - Essendon Matthew Lloyd
63%
2001 - 96 - Essendon Matthew Lloyd
63%
2000 - 94 - Essendon Matthew Lloyd
63%
2005 - 74 - St Kilda Fraser Gehrig
54%
2004 - 90 - St Kilda Fraser Gehrig
54%
2002 - 75 - Melbourne David Neitz
43%
No matching quizzes found
Score Distribution
Percent of People with Each Score
Percentile by Number Answered
Your Score History
You have not taken this quiz